| 000 | 00565nam a2200133Ia 4500 | ||
|---|---|---|---|
| 008 | 171212s9999 xx 000 0 und d | ||
| 020 | _a9781925021981 | ||
| 100 | _aWoodward, Keith | ||
| 245 |
_cWoodward, Keith _aA Political Memoir of the Anglo-French Condominium of the New Hebrides |
||
| 260 |
_bANU E Press _c2014 |
||
| 650 | _aPolitical Science | ||
| 650 | _aWoodward, Keith; Decolonization -- Vanuatu; Vanuatu -- Politics and government; Great Britain -- Colonies -- Oceania; France -- Colonies -- Oceania | ||
| 856 | _uhttp://www.jstor.org/stable/j.ctt13wwvr8 | ||
| 999 |
_c350973 _d350973 |
||